Lecturas históricas sobre Jalisco : antes de la Independencia /
En dos volúmenes se da cuenta de la historia de Jalisco. En el primer volumen se trata desde el periodo prehispánico hasta la guerra de independencia; el segundo aborda la consumación de la Independencia, los primeros años de vida independiente, hasta la tercera década del siglo XX.
Na minha lista:
| Outros Autores: | |
|---|---|
| Formato: | Livro |
| Idioma: | espanhol |
| Publicado em: |
Guadalajara, México :
Gobierno del Estado de Jalisco, Departamento de Bellas Artes : INAH, Centro Regional de Occidente,
1976, c1976
|
| Assuntos: | |
| Tags: |
Sem tags, seja o primeiro a adicionar uma tag!
|
MARC
| LEADER | 00000nam^a2200000^a^4500 | ||
|---|---|---|---|
| 001 | 000131515 | ||
| 005 | 20250521000000.0 | ||
| 009 | 20260310095026.506 | ||
| 037 | |a Acervo ITESO - Biblioteca | ||
| 041 | |a ESP | ||
| 082 | |a 972. 35 |b LEC V. 1 | ||
| 240 | 1 | 1 | |a [Lecturas históricas sobre Jalisco] |
| 245 | 1 | 0 | |a Lecturas históricas sobre Jalisco : |b antes de la Independencia / |c Comp. de J.M. Murià... [et al.]. |
| 264 | 4 | |a Guadalajara, México : |b Gobierno del Estado de Jalisco, Departamento de Bellas Artes : |b INAH, Centro Regional de Occidente, |c 1976, c1976 | |
| 300 | |a 295 p. | ||
| 336 | |a texto |b txt |2 rdacontenido | ||
| 337 | |a sin mediación |b n |2 rdamedio | ||
| 338 | |a volumen |b nc |2 rdasoporte | ||
| 520 | |a En dos volúmenes se da cuenta de la historia de Jalisco. En el primer volumen se trata desde el periodo prehispánico hasta la guerra de independencia; el segundo aborda la consumación de la Independencia, los primeros años de vida independiente, hasta la tercera década del siglo XX. | ||
| 649 | |a XX | ||
| 650 | |a Jalisco - |x Historia - |y Epoca Prehispánica | ||
| 650 | |a Jalisco - |x Historia - |y Virreinato, 1535-1821 | ||
| 650 | |a Jalisco - |x Historia - |y Epoca Colonial, 1517-1821 | ||
| 650 | |a Jalisco - |x Historia - |y Guerra de Independencia, 1810-1821 | ||
| 650 | |a Jalisco - |x Historia - |y Siglo XIX | ||
| 650 | |a México - |x Historia - |y Epoca Prehispánica | ||
| 650 | |a México - |x Historia - |y Virreinato, 1535-1821 | ||
| 650 | |a México - |x Historia - |y Epoca Colonial, 1517-1821 | ||
| 650 | |a México - |x Historia - |y Guerra de Independencia, 1810-1821 | ||
| 650 | |a México - |x Historia - |y Siglo XIX | ||
| 700 | |a Murià, José María |e (compilación) | ||
| 910 | |a Fondo Salvador Reynoso Reynoso | ||
| 920 | |a Impresos - Libros | ||
| 930 | |a Fondos Especiales | ||
| 905 | |a 112 | ||
| 901 | |a 0800012259 |b IT2 |c ESP |u 20250521 | ||
| 902 | |a https://opac.biblio.iteso.mx/vufind/Record/000131515 | ||